Регионална библиотека "Любен Каравелов" - Русе

Унищожете "Кентъки" (Запис номер 18262)

MARC детайли
000 -Лидер
Контролно поле с фиксирана дължина 01162nam a2200301 c 4500
003 - Код на организацията, давaща контролен номер
Контролно поле BLK
005 - Дата и час на последна редакция
Контролно поле 20181221173244.0
008 - Елементи от данни с фиксирана дължина
fixed length control field 180413b bul|||||r ||||||| ||bul||
010 ## - Наследен системен номер
LC control number KNG00020303000
020 ## - Международен стандартен номер на книга ISBN
Международен стандартен номер на книга ISBN 954-17-0157-4
-- издат.: Калпазанов
040 ## - Източник на каталожния запис
Идентификатор на билиотеката - собственик на записа BLK
080 ## - УДК
Текстов определител УДК Американска литература (на САЩ)
УДК код - определител по УДК 821.111(73)
УДК определител -31
УДК - код + определител 821.111(73)-31
100 1# - Редна дума - Автор
Автор Дейвис, Барт
Авторска отговорност първи автор
R(LIN) 250825
139 ## - Редно поле
Редна дума Дейвис, Барт
Авторски знак Деи - Д 34
245 10 - Сведения за заглавието
Заглавие Унищожете "Кентъки"
Подзаглавни данни Роман
Редно поле (дума) Барт Дейвис; прев. от англ. Рени Димитрова.
257 ## - Страна на издаване
Страна на създаване/издаване Съединени американски щати
260 ## - Област на издателските данни
-- Габрово
Име на издателя, разпространителя и проч. Калпазанов
Година на издаване 1997
Печатница В. търново : Абагар
300 ## - Физическа характеристика
Страници 284 с.
Размери/Мащаб 20 см
380 ## - Жанр
Жанр Худож. лит.
490 1# - СЕРИИ (Колекции)
Име на серия Военен трилър
500 ## - Общи забележки
Забележка Ориг. загл. Destroy the Kentucky / Bart Davis ; 2 000 тир
700 1# - Други автори (авторска отговорност)
Лично име Димитрова, Рени
Автороска отговорност (Описва отношението между автора и произведението) прев. от англ.
9 (RLIN) 364069
852 ## - Местоположение
Форматна сигнатура Цб 195567
856 4# - Електронен адрес и достъп
Електронен формат pdf - файл
Път до файла /url/
856 4# - Електронен адрес и достъп
Електронен формат pdf - файл
Път до файла /url/
942 ## - АРТИКУЛИ
Вид на библиотечния материал Книги
Скрит в OPAC Не
Koha issues (borrowed), all copies 2
944 ## - СЪЗДАВАНЕ И РЕДАКЦИЯ на ЗАПИСА
Създаване/Редакция Създаване
Дата на регистрацията/редакция 15.01.2003
Служител, извършил регистрацията/редакцията Цветанка_Енчева
944 ## - СЪЗДАВАНЕ И РЕДАКЦИЯ на ЗАПИСА
Създаване/Редакция Редакция
Дата на регистрацията/редакция 11.07.2005
Служител, извършил регистрацията/редакцията
999 ## - СИСТЕМНИ КОНТРОЛНИ НОМЕРА
Koha biblionumber 18262
Koha biblioitemnumber 18262
Наличности
Код за отписване Код за изгубен артикул Източник на класификационната схема Код за повреда Коз за рестрикции Код за отдаване Артикулен № Име на библиотеката - собственик Име на библиотеката, в която се намира в момента Статус (Текущо местоположение) Дата на вписване в системата Местоположение - отдел Цена в лева Инвентарен номер Систематично азбучна сигнатура Баркод Номер на екземпляра Цена в евро Служебна бележка Служебен тип на артикула
  Не е изгубен Universal Decimal Classification Не е повреден без рестрикции ползва се в читалня 30654 Регионална библиотека "Любен Каравелов" Русе Регионална библиотека "Любен Каравелов" Русе Хранилище 2001-01-01 Хранилище 3.00 638277 Цб 195567 120000638277 1 1.53 Дост: Dp Вид: Д N: стар фонд Дата: 01.01.2001 Книги
  Не е изгубен Universal Decimal Classification Не е повреден без рестрикции заемане за дома 679642 Регионална библиотека "Любен Каравелов" Русе Регионална библиотека "Любен Каравелов" Русе Заемна - подръчен фонд 2018-08-28 Заемна - подръчен фонд 0.37 120000821962 П 820(73)-31/Д 34 120000821962   0.19   Книги
Vip Innovations Ltd, Rousse, Bulgaria 2025